La verdad estática y la verdad dinámica en la historia de la filosofía griega / (Record no. 116796)

MARC details
000 -LEADER
campo de control de longitud fija 00682nam a2200205 4500
001 - NÚMERO DE CONTROL
campo de control 116796
003 - IDENTIFICADOR DE NÚMERO DE CONTROL
campo de control ES-MaACL
005 - FECHA Y HORA DE LA ÚLTIMA TRANSACCIÓN
campo de control 20250804044436.0
007 - CAMPO FIJO DE DESCRIPCIÓN FÍSICA--INFORMACIÓN GENERAL
campo de control de longitud fija t|
008 - DATOS DE LONGITUD FIJA--INFORMACIÓN GENERAL
campo de control de longitud fija 061121s1919 sp r ||||1| spa d
080 ## - NÚMERO DE LA CLASIFICACIÓN DECIMAL UNIVERSAL
Número de la Clasificación Decimal Universal 1(32)
100 1# - ENTRADA PRINCIPAL--NOMBRE DE PERSONA
Nombre de persona Ovejero y Maury, Eduardo,
Fechas asociadas al nombre 1871-1939?
9 (RLIN) 88002
245 13 - MENCIÓN DEL TÍTULO
Título La verdad estática y la verdad dinámica en la historia de la filosofía griega /
Mención de responsabilidad, etc. por Eduardo Ovejero y Maury.
260 ## - PUBLICACIÓN, DISTRIBUCIÓN, ETC.
Lugar de publicación, distribución, etc. Madrid :
Nombre del editor, distribuidor, etc. [s.n.],
Fecha de publicación, distribución, etc. 1919 (
Fabricante Imp. El Mentidero)
300 ## - DESCRIPCIÓN FÍSICA
Extensión 117 p. ;
Dimensiones 19 cm.
500 ## - NOTA GENERAL
Nota general Es separata de la Revista `Filosofía y Letras`.
650 #7 - PUNTO DE ACCESO ADICIONAL DE MATERIA--TÉRMINO DE MATERIA
Término de materia o nombre geográfico como elemento de entrada Filosofía griega
Fuente del encabezamiento o término embne
9 (RLIN) 12849
852 ## - LOCALIZACIÓN
Ubicación ES-MaACL
Número de control de estantería F-9743
Holdings
Estatus retirado Estado de pérdida Estado de daño No para préstamo Biblioteca de origen Biblioteca actual Ubicación en estantería Fecha de adquisición Fuente de adquisición Total de préstamos Signatura topográfica completa Código de barras Visto por última vez Precio de reemplazo Tipo de ítem Koha
        Biblioteca del Ateneo de Madrid Biblioteca del Ateneo de Madrid Sala Pecera Planta 2 17/01/2008     F-9743 1121783 23/02/2023 23/02/2023 Libro impreso